|
|
|
|
| LEADER |
00993nam a2200241 a 4500 |
| 001 |
00025139 |
| 008 |
120513s2010 enka 000 1 eng |
| 020 |
|
|
|a 9780194247672 (pbk.)
|
| 020 |
|
|
|a 9780194247313 (book and multiROM pack)
|
| 040 |
|
|
|a BD-DhAAL
|c BD-DhAAL
|
| 082 |
0 |
0 |
|a 428.6
|2 22
|
| 100 |
1 |
|
|a Thompson, Lesley.
|
| 245 |
1 |
4 |
|a The real McCoy and other ghost stories /
|c Lesley Thompson ; illustrated by Craig Phillips.
|
| 260 |
|
|
|a Oxford ;
|a New York :
|b Oxford University Press,
|c c2010.
|
| 300 |
|
|
|a 51 p. :
|b col. ill. ;
|c 21 cm.
|
| 490 |
1 |
|
|a Dominoes. Level one
|
| 541 |
|
|
|e 00025139
|
| 650 |
|
0 |
|a Readers (Elementary)
|
| 650 |
|
0 |
|a Ghost stories.
|
| 700 |
1 |
|
|a Phillips, Craig.
|
| 852 |
1 |
|
|a Ayesha Abed Library
|c General shelf.
|
| 999 |
|
|
|c 12232
|d 12232
|
| 952 |
|
|
|0 0
|1 0
|2 ddc
|4 0
|6 428_600000000000000_THO
|7 0
|9 20261
|a BRACUL
|b BRACUL
|d 2012-05-23
|e Karim International
|g 604.00
|l 2
|m 1
|o 428.6 THO
|p 3010025139
|r 2024-11-16
|s 2024-11-13
|t 1
|w 2012-05-23
|y BK
|x Transferred from BIL to BRACUL on 06/06/22
|